Türk-Yunan İmparatorluğu : (Record no. 12928)

MARC details
000 -BAŞLIK
Sabit Uzunlukta Kontrol Alanı 00729nam a22002057a 4500
999 ## - SİSTEM KONTROL NUMARALARI (KOHA)
Koha Biblionumber 12928
Koha Biblioitemnumber 12928
003 - KONTROL NUMARASI IDENTIFIER
Denetim Alanı MIRAKIL
005 - SON İŞLEM TARİHİ VE ZAMANI
Denetim Alanı 20190313135605.0
008 - SABİT-BOY VERİ ELEMANLARI - GENEL BİLGİLER
Sabit Uzunlukta Kontrol Alanı 190313b tu ||||| |||| 00| 0 tur d
020 ## - ULUSLARARASI STANDART KİTAP NUMARASI
Uluslararası Standart Kitap Numarası 9754705046
040 ## - KATALOGLAMA KAYNAK
Orijinal Kataloglama Ajansı TR-AnCHP
Metne Dönüştürmek Ajansı TR-AnCHP
041 ## - DİL KODU
Metin / Ses Parça Veya Ayrı Başlığın Dil Kodu tur
082 ## - DEWEY ONLU SINIFLANDIRMA NUMARASI
Sınıflandırma Numarası 956.10150898
Ürün Numarası K57t 1996
100 1# - ANA GİRİŞ - KİŞİSEL İSİM
Kişisel Ad Kitsikis, Dimitri
245 10 - BAŞLIK TABLOSU
Başlık Türk-Yunan İmparatorluğu :
Başlığın Kalan arabölge gerçeği ışığında Osmanlı tarihine bakış /
Sorumluluk Tablosu, Vb Dimitri Kitsikis ; çeviren: Volkan Aytar
260 ## - YAYIN, DAĞITIM, VB
Yayın, Dağıtım, Vb Yeri İstanbul :
Yayıncı, Dağıtıcı, Vs Adı İletişim yayınları;
Yayın, Dağıtım, Vb Tarihi 1996.
300 ## - FİZİKSEL TANIM
Kapsam 214 s.:
Boyutlar 14 sm.
490 0# - SERİSİ TABLOSU
Seri Beyanı İletişim yayınları;
-- Tarih -politika dizisi;
Hacim / Ardışık Tanımı 349.
-- 12.
650 #0 - KONU KATMA GİRİŞ - TOPİKAL DÖNEM
9 (RLIN) 5
Topikal Süreli Veya Coğrafi Ad Giriş Elemanı Türkiye
Genel Alt Bölümü Osmanlı İmparatorluğu dönemi
-- Tarih
942 ## - EKLENDİ GİRİŞ ELEMANLARI (KOHA)
Sınıflandırma Veya Raf Düzeni Kaynak Dewey Decimal Classification
Koha Öğesi Türü Books
Holdings
Kalıcı Konum Mevcut Konum Edinme Tarihi Toplam Check-Out'Lar Tam Çağrı Numarası Barkod Tarih Son Görülme İtibaren Geçerli Fiyatlar Koha Öğesi Türü
CHP Kütüphanesi CHP Kütüphanesi 03/13/2019   956.10150898 K57t 1996 019001 03/13/2019 03/13/2019 Books